| 000 | 00809nam a22002177a 4500 | ||
|---|---|---|---|
| 005 | 20250509143927.0 | ||
| 008 | 250509b |||||||| |||| 00| 0 eng d | ||
| 020 | _a978-81-972946-5-5 (pbk) | ||
| 037 | _cTB | ||
| 040 |
_aCRL _cCRL |
||
| 084 |
_aR3xC57 153R4 _qCRL |
||
| 100 |
_aਸੁਕੇਸ਼ ਕੁਮਾਰ _9784009 |
||
| 245 | _aਅਰਸਤੂ | ||
| 260 |
_aਸਮਾਨਾ, ਭਾਰਤ: _bਨਵਰੰਗ ਪਬਲਿਸ਼ਰ, _c2024. |
||
| 300 | _a127 ਪ. | ||
| 365 |
_b200.00 _cINR |
||
| 650 |
_aਦਰਸ਼ਨ ਸ਼ਾਸਤਰ _9784010 |
||
| 650 |
_aਅਰਸਤੂ _9784011 |
||
| 942 |
_2CC _cTB _hR3xC57 153R4 _n0 |
||
| 999 |
_c1400709 _d1400709 |
||